00330 a2200097 4500001001000000005001700010008004100027245006700068100002000135773007700155ART_6088920260410162031.0260409a 10aA falta de firma digital, buenas son las firmas electrónicas1 aRossi, Jorge O.0 tTemas de derecho procesalg- Año 8, N° 4/5 (abr./mayo 2024)wREV44095